Predajný automat na kusový tovar

Bibliographic Details
Main Author: Sabo, Milan, 1939- (Author)
Format: Article
Language:Slovak
PhysicalDescription:Sch. 2, res. angl., nem., lit. 2 zázn. v slov.
ISBN:8071001465
Subjects:

MARC

LEADER 00000nab a2200000 a 4500
001 vtls000583360
003 SK-MaSNL
005 20260303212832.0
008 120930c1993 xo 0 slo
015 |a SNBRA19rr/mm-uuuuu 
035 |a CL0583499 
040 |a SNKBUCL  |b slo  |c SNKBUCL  |e AACR2 
041 0 |a slo 
044 |a xo  |c SK 
080 |a 681.13:658.841.4  |2 1981 
080 |a 658.841.4  |2 1981 
100 1 |a Sabo, Milan,  |d 1939-  |4 aut  |9 6109 
245 1 0 |a Predajný automat na kusový tovar  |c Milan Sabo 
300 |b Sch. 2, res. angl., nem., lit. 2 zázn. v slov. 
650 0 7 |a tovar kusový  |2 snkbucl  |9 1246031 
650 0 7 |a automaty predajné  |2 snkbucl  |9 1246032 
655 7 |a články zo zborníkov  |2 snkbucl  |9 166140 
773 0 |t Deviata medzinárodná vedecká konferencia  |d Žilina : Vysoká škola dopravy a spojov, 1993  |g S. 241-248  |z 8071001465 
850 |a Slovenská národná knižnica v Martine  |a MTA001 
852 |a SNK  |b KIS3GCP 
958 |a RK 
992 |a RZB 
999 |c 2209313  |d 2211243